Letters in Country Names - Sudden Death - Statistics

General Stats
  • This quiz has been taken 52 times
  • The average score is 7 of 16
Answers on the Grid
Answers color-coded by a green-red scale on the quiz's grid according to % correct below.
ACEN
BON
DIVE
ELLE
ETNA
GEA
HAD
HAIL
INS
MET
MOR
NEE
ONE
RELA
RITA
ROAT
RUG
SCAR
SHALL
VALU
ZIL
 
Answer Stats
Answer % Correct
MARSHALL ISLANDS SHALL
58%
BRAZIL ZIL
58%
CHAD HAD
56%
GABON BON
53%
SEYCHELLES ELLE
53%
MALDIVES DIVE
51%
MOROCCO MOR
51%
TUVALU VALU
51%
THAILAND HAIL
42%
MADAGASCAR SCAR
42%
INDONESIA ONE
37%
CROATIA ROAT
37%
VIETNAM ETNA
30%
URUGUAY RUG
23%
IRELAND RELA
19%
MAURITANIA RITA
19%
No matching quizzes found
Score Distribution
Percent of People with Each Score
Percentile by Number Answered
Your Score History
You have not taken this quiz